000 01099cam a22002535a 4500
001 L145770
008 081106s2007 xxk df 000 0 eng d
020 _a9781854312594
035 _a(Sirsi) u145770
041 0 _aeng
050 0 4 _a347.42052 $2 18
100 1 _aEvans, Keith
245 0 4 _aThe golden rules of advocacy
260 _aOxford
_bOxford University Price
_c[2007?]
300 _a127p.
_bill.
_c22cm.
350 _a18.99
505 2 _aIntroduction -- The dimensions -- The manadatory rules -- Advocacy as theatre -- The psychology of advocacy -- The examination of witnesses -- Examination in chief -- Cross-examination -- Re-examination -- Final speech
520 _aPractical guide to advocacy with a concise range of guidelines discussed. Goes through the stages of a case with suggestions and examples for each part. Would be useful to legal practitioners and students.
521 _aAdvanced
590 _aKA
651 4 _aUnited Kingdom
_y
690 _aMANAGEMENT-DISPUTE AVOIDANCE, MANAGEMENT AND RESOLUTION-DISPUTE MANAGEMENT AND RESOLUTION-ADVOCACY
942 _n0
999 _c108911
_d108911